| 000 | 00788pab a2200169 454500 | ||
|---|---|---|---|
| 008 | 180718b2000 xxu||||| |||| 00| 0 eng d | ||
| 100 | _aPanchamukhi, P.R. | ||
| 245 | _aSocial impact of economic reforms in India: a critical appraisal | ||
| 260 | _c2000 | ||
| 300 | _ap.836-47 | ||
| 362 | _a4 Mar | ||
| 520 | _aFocusing on the impact of economic reforms on the social sector in India by comparing the data of the pre-reform period and the reform period, the paper notices a declining trend in the budgetary allocations of both the central and state governments for various sub-sectors of the social sector, especially health and education. - Reproduced | ||
| 650 | _aEconomic reform - India | ||
| 650 | _aEconomic reform | ||
| 773 | _aEconomic and Political Weekly | ||
| 909 | _a44075 | ||
| 999 |
_c44075 _d44075 |
||